00489 2200169 4500001002100000005001500021008004100036020002200077035001900099041000700118082000800125090001400133100004000147245004800187260006000235300002400295INLIS00000000000009220241224112121241224||||||||| | ||| |||| || |  a978-979-911-361-0 0010-1224000092 aid0 a339 a339 ERN p0 aErni Umi Hasanah dan Danang Sunyoto00aPengantar Ilmu Ekonomi Makro (Teori & Soal) aYogyakartabCenter For Academic Pubishing Servicec2013 avi, 162 hlm.; 23 cm